Sexo Sin Título - Maluma, Jay Wheeler, Lenny Tavárez - Estadísticas

Estadísticas generales
  • Esta prueba ha sido intentada 27 veces
  • La puntuación promedio es 173 de 397
Estadísticas de respuestas
Letra % Correcto
a
100%
amor
100%
buena
100%
me
100%
Me
100%
Que
100%
que
100%
qué
100%
se
100%
Se
100%
solo
100%
Solo
100%
te
100%
Cada
50%
con
50%
Con
50%
condenan
50%
de
50%
el
50%
ella
50%
en
50%
es
50%
importa
50%
la
50%
las
50%
llega
50%
Llega
50%
lo
50%
los
50%
más
50%
50%
mi
50%
no
50%
No
50%
noche
50%
nos
50%
pa
50%
pasajera
50%
Pero
50%
pero
50%
pone
50%
por
50%
rico
50%
ridículo
50%
sea
50%
sexo
50%
si
50%
Si
50%
Suena
50%
ti
50%
50%
tu
50%
50%
un
50%
una
50%
vez
50%
Y
50%
y
50%
yo
50%
Yo
50%
24
0%
7
0%
abajo
0%
Abre
0%
actor
0%
actúa
0%
alcohol
0%
algo
0%
Algo
0%
amiguita
0%
Baby
0%
bellaquita
0%
besa
0%
bo
0%
buscando
0%
cabe
0%
cartera
0%
casa
0%
chimba
0%
chingar
0%
concerte
0%
contigo
0%
control
0%
convierte
0%
culito
0%
DEA
0%
déjame
0%
dentro
0%
desde
0%
dice
0%
dicen
0%
do
0%
ere
0%
esa
0%
Ese
0%
explícito
0%
falta
0%
favor
0%
fondo
0%
gana
0%
gonorrea
0%
grande
0%
gusta
0%
hable
0%
hablen
0%
hacemo
0%
hacen
0%
hacerte
0%
hasta
0%
hice
0%
hookah
0%
interior
0%
inventando
0%
еl
0%
llevo
0%
manera
0%
manеra
0%
mía
0%
mierda
0%
movie
0%
nivel
0%
otro
0%
pastor
0%
perdiendo
0%
pichea
0%
poco
0%
presto
0%
puesta
0%
quiere
0%
quiero
0%
quita
0%
ready
0%
real
0%
riquísimo
0%
romper
0%
ropa
0%
ser
0%
Siempre
0%
sienta
0%
sin
0%
soltera
0%
suspirar
0%
taco
0%
Tán
0%
tás
0%
Tener
0%
termino
0%
tiene
0%
título
0%
toa
0%
trabajas
0%
Tranqui
0%
tuyo
0%
vamo
0%
vive
0%
yeah
0%
No se encontraron pruebas coincidentes
Distribución de puntuación
Porcentaje de gente con cada puntuación
Porcentaje por número respondido
Historial de tus puntuaciones
No has intentado esta prueba.